Clinical paediatric surgery : (Record no. 1482)

000 -LEADER
fixed length control field 01917cam a2200565 i 4500
003 - CONTROL NUMBER IDENTIFIER
control field OSt
005 - DATE AND TIME OF LATEST TRANSACTION
control field 20210628091312.0
008 - FIXED-LENGTH DATA ELEMENTS--GENERAL INFORMATION
fixed length control field 770318s1976 enkak b 001 0 eng
020 ## - INTERNATIONAL STANDARD BOOK NUMBER
International Standard Book Number 0632004363
020 ## - INTERNATIONAL STANDARD BOOK NUMBER
International Standard Book Number 9780632004362
020 ## - INTERNATIONAL STANDARD BOOK NUMBER
Canceled/invalid ISBN 0632004633
020 ## - INTERNATIONAL STANDARD BOOK NUMBER
International Standard Book Number 0632000899
020 ## - INTERNATIONAL STANDARD BOOK NUMBER
International Standard Book Number 9780632000890
020 ## - INTERNATIONAL STANDARD BOOK NUMBER
International Standard Book Number 9780632004638
020 ## - INTERNATIONAL STANDARD BOOK NUMBER
International Standard Book Number 0632004630
040 ## - CATALOGING SOURCE
Transcribing agency DLC
050 14 - LIBRARY OF CONGRESS CALL NUMBER
Classification number RD137
Item number .P75 1980
060 00 - NATIONAL LIBRARY OF MEDICINE CALL NUMBER
Classification number WO 925
Item number R888c 1976
084 ## - OTHER CLASSIFICATION NUMBER
Classification number H 06
Number source blsrissc
245 00 - TITLE STATEMENT
Title Clinical paediatric surgery :
Remainder of title diagnosis and management /
Statement of responsibility, etc. by the staff of the Royal Children's Hospital, Melbourne ; compiled and edited by Peter G. Jones.
250 ## - EDITION STATEMENT
Edition statement 2nd ed.
260 ## - PUBLICATION, DISTRIBUTION, ETC.
Place of publication, distribution, etc. Oxford :
Name of publisher, distributor, etc. Blackwell Scientific,
Date of publication, distribution, etc. 1976.
300 ## - PHYSICAL DESCRIPTION
Extent xiv, 586 pages :
Other physical details illustrations (some color), forms ;
Dimensions 24 cm
336 ## - CONTENT TYPE
Content type term text
Content type code txt
Source rdacontent
337 ## - MEDIA TYPE
Media type term unmediated
Media type code n
Source rdamedia
338 ## - CARRIER TYPE
Carrier type term volume
Carrier type code nc
Source rdacarrier
500 ## - GENERAL NOTE
General note Distributed in the U.S. by J.B. Lippincott, Philadelphia.
504 ## - BIBLIOGRAPHY, ETC. NOTE
Bibliography, etc. note Includes bibliographical references and index.
650 #0 - SUBJECT ADDED ENTRY--TOPICAL TERM
Topical term or geographic name entry element Children
General subdivision Surgery.
650 #2 - SUBJECT ADDED ENTRY--TOPICAL TERM
Topical term or geographic name entry element Surgical Procedures, Operative.
650 22 - SUBJECT ADDED ENTRY--TOPICAL TERM
Topical term or geographic name entry element Child.
650 22 - SUBJECT ADDED ENTRY--TOPICAL TERM
Topical term or geographic name entry element Infant.
650 #6 - SUBJECT ADDED ENTRY--TOPICAL TERM
Topical term or geographic name entry element Enfants
General subdivision Chirurgie.
650 #7 - SUBJECT ADDED ENTRY--TOPICAL TERM
Topical term or geographic name entry element Children
General subdivision Surgery.
Source of heading or term fast
Authority record control number or standard number (OCoLC)fst00855161
700 1# - ADDED ENTRY--PERSONAL NAME
Personal name Jones, Peter G.
710 2# - ADDED ENTRY--CORPORATE NAME
Corporate name or jurisdiction name as entry element Royal Children's Hospital.
910 ## - USER-OPTION DATA (OCLC)
User-option data UclaCollMgr MonosBKS19731976 20210505
910 ## - USER-OPTION DATA (OCLC)
User-option data bg 091477
910 ## - USER-OPTION DATA (OCLC)
User-option data MARS
942 ## - ADDED ENTRY ELEMENTS (KOHA)
Source of classification or shelving scheme
Koha item type Book
Suppress in OPAC DO
Holdings
Withdrawn status Lost status Source of classification or shelving scheme Damaged status Not for loan Permanent Location Current Location Shelving location Date acquired Total Checkouts Full call number Barcode Date last seen Price effective from Koha item type Public note
          AU LIBRARY AU LIBRARY Open Shelf 28.06.2021   RD137 .P75 1980 28002075 28.06.2021 28.06.2021 Book DO

Powered by Koha